000 01481naa a2200241 i 4500
001 3913
003 KOSZ 005
005 20190606151714.0
008 140526s2010 pl f |000 0 eng
040 _cKOSZ 005
_aKOSZ 005
_dKOSZ 005/HR
041 _aeng
_bpol
080 _a621.922/.924
100 1 _aNADOLNY, Krzysztof.
_d2006 - .
_bPolitechnika Koszalińska - Wydział Mechaniczny,
_cKatedra Inżynierii Produkcji
245 1 0 _aPotential for increasing the effectiveness of automated production systems due to application of single-pass grinding /
_cKrzysztof Nadolny, Bronisław Słowiński.
246 _aMożliwość zwiększenia efektywności zautomatyzowanych systemów produkcyjnych w wyniku zastosowania szlifowania jednoprzejściowego
500 _aDane z autopsji.
520 _aW artykule omówiono zagadnienia poprawy efektywności zautomatyzowanych systemów produkcyjnych. Podano wskaźniki efektywności zautomatyzowanego procesu szlifowania oraz wyniki badań porównawczych w tym zakresie, dotyczące innowacyjnej metody jednoprzejściowego szlifowania wewnętrznych powierzchni walcowych.
650 0 _aPowierzchnia.
650 0 _aSzlifowanie
700 1 _aSŁOWIŃSKI, Bronisław.
_d1996 - .
_bPolitechnika Koszalińska - Wydział Mechaniczny,
_cKatedra Inżynierii Produkcji, Zakład Metrologii i Jakości
773 0 _iW :
_tAdvances in Manufacturing Science and Technology
_g2010, T. 34, nr 2, s. 19-30
_x1895-9881
942 _cART
_2UKD
999 _c3913
_d3913